LDR 00741naa#a2200205#i#450# 001 EN\\bibl\122528 005 20260607200215.7 011 ## _a2413-046X 100 ## _a20260527b2026####ek#y0engy0150####ca 102 ## _aRU 200 1# _aTHE PROCEDURE FOR REGISTRATION OF LAND FOR DESIGN, CONSTRUCTION, STATE CADASTRAL REGISTRATION AND ESTAB-LISHMENT OF THE SECURITY ZONE OF A LINEAR STRUCTURE _eJournal article 210 1# _aMoscow _cElectronic science _d2026 215 ## _a23 с. 608 ## _aJournal article _2local 675 ## _aИспользуемые земли. Земельный фонд. 332.334 _z 700 #1 _aLavrennikova _gOlga A. 700 #1 _aIralieva _gYulia S. 700 #1 _aPetrov _gMikhail A. 700 #1 _aKudryashova _gYulia N. 856 4# _aiacj.ru _u